000 01464nam a2200373 a 4500
999 _c829
_d829
003 BLK
005 20240322154334.0
008 180412b bul|||||r ||||||| ||bul||
010 _aKNG00001448000
040 _aBLK
041 _aBUL
_cBUL
072 7 _2bullib
_aРА
_xРусенски автори
080 _aБългарска литература
_b821.163.2
_x-1
_z821.163.2-1
100 _aДойчинова, Доротея Веселинова
_d1968 - 1992
_gРусенска поетеса
_9243094
139 _aДойчинова, Доротея Веселинова
_bД 71
245 1 0 _a[Двадесет и четири] 24 стихотворения
_cДоротея Веселинова Дойчинова; състав. Живодар Иванов Душков; съавт. Йордан Йорданов.
260 _aРусе
_bИзд. състав.
_c1994
300 _a32 с.
_bс ил.
_c19 см
380 _aX
500 _a1 000 тир.
653 _aстихотворения
659 _aК
700 _aДушков, Живодар Иванов
_9368890
700 1 _aЙорданов, Йордан
_eсъавт.
_9243096
852 _aЦб 171353
_bЦб
852 _aК 821.163.2/Д 71 Д
856 4 _qpdf
_u
_i0.00
_ldisable
856 4 _qpdf
_u
_i0.00
_ldisable
942 _cKNG
_n0
_s1
944 _aCR
_c15.01.2003
_k30550
_lКети Илиева
944 _aED
_c05.11.2014
999 _d829
999 _d829